000 02128cam a22005174i 4500
003 PE-LiUPU
005 20250731173530.0
008 150616s r 000 0 d
020 _a0805410937
035 _a(Sirsi) i9780805410938
040 _aPE-LiUPU
_bspa
_cPE-LiUPU
_erda
049 _aPRUA
082 0 4 _b
_221
245 0 0 _aCracking Old Testament Codes :
_ba guide to interpreting the literary genres of the Old Testament /
_cEditado por Sandy D. Brent y Ronald L. Giese.
264 1 _aNashville, Tennessee :
_bBroadman & Holman Publishers,
_c1995.
300 _a323 páginas ;
_c23 centímetros
336 _atext
_2rdacontent
337 _aunmediated
_2rdamedia
338 _avolume
_2rdacarrier
505 0 _aLiterary forms of the Old Testament.- Literary forms and inspiration.- Narrative.- History.- Law.- Oracles of salvation.- Announcement.- Apocalyptic.
526 _aSEG42
526 _aSEG41
526 _aSEG40
526 _aSEG39
526 _aP94
526 _aP87
526 _aP86
526 _aP85
526 _aP77
526 _aP76
526 _aP35
630 _aBiblia como literatura.
630 _aBiblia.
_pA.T.
_xCrítica, interpretación, etc.
700 1 _aBrent, Sandy D.,
_eeditor.
700 1 _aGiese, Ronald L.,
_eeditor.
910 _ajck
_bjvq
_cjck
942 _2ddc
_cBOOK
949 _a221.66 C26
_wDEWEY
_c1
_i42240
_lCCODEBUL1
_mBUL
_r0
_sY
_tBOOK
_u2015-4-23
_xTEOLOGIA
_zUNKNOWN
_0COMPRA
_o.STAFF. Colección General
949 _a221.66 C26
_wDEWEY
_c2
_i45754
_lCCODEBUL1
_mBUL
_r0
_sY
_tBOOK
_u2015-6-16
_xTEOLOGIA
_zUNKNOWN
_0COMPRA
_o.STAFF. Colección General
994 _aC0
_bPEPRU
596 _a1
999 _a221.66 C26
_wDEWEY
_c60070
_i42240
_d60070
_f2021-11-9
_g5
_lCCODEBUL1
_mBUL
_q2
_r0
_sY
_tBOOK
_u2015-4-23
_xTEOLOGIA
_zUNKNOWN
_0COMPRA
_o.STAFF. Colección General
999 _a221.66 C26
_wDEWEY
_c2
_i45754
_d2019-10-2
_f2021-11-9
_g5
_lCCODEBUL1
_mBUL
_q5
_r0
_sY
_tBOOK
_u2015-6-16
_xTEOLOGIA
_zUNKNOWN
_0COMPRA
_o.STAFF. Colección General
980 _81
_gALBERTO SANCHEZ Responsable de Automatización